Who Scored The Goal? (Manchester City 22/23) Champions League - Statistics

General Stats
  • This quiz has been taken 31 times
  • The average score is 22 of 37
Answer Stats
Matches Scorer % Correct
Sevilla - Manchester City20' 0-1 Erling Haaland
88%
Manchester City - Inter68' 1-0 Rodri
88%
Manchester City - Real Madrid23' 1-0 Bernardo Silva
84%
Manchester City - Real Madrid37' 2-0 Bernardo Silva
80%
Sevilla - Manchester City67' 0-3 Erling Haaland
80%
Real Madrid - Manchester City67' 1-1 Kevin De Bruyne
80%
Manchester City - RB Leipzig22' 1-0 Erling Haaland
76%
Manchester City - RB Leipzig24' 2-0 Erling Haaland
76%
Manchester City - RB Leipzig45+2' 3-0 Erling Haaland
76%
Manchester City - RB Leipzig53' 5-0 Erling Haaland
76%
Manchester City - RB Leipzig57' 6-0 Erling Haaland
76%
Manchester City - Real Madrid90+1' 4-0 Julian Alvarez
76%
Manchester City - Borussia Dortmund84' 2-1 Erling Haaland
72%
Manchester City - Bayern Munich76' 3-0 Erling Haaland
72%
Manchester City - Bayern Munich27' 1-0 Rodri
72%
Bayern Munich - Manchester City57' 0-1 Erling Haaland
68%
Sevilla - Manchester City58' 0-2 Phil Foden
68%
Manchester City - Bayern Munich70' 2-0 Bernardo Silva
60%
Manchester City - Copenhagen7' 1-0 Erling Haaland
60%
Manchester City - Copenhagen32' 2-0 Erling Haaland
60%
Manchester City - RB Leipzig90+2' 7-0 Kevin De Bruyne
60%
Manchester City - Real Madrid76' 3-0 Manuel Akanji
60%
Real Madrid - Manchester City36' 1-0 Vinicius Jr.
60%
Manchester City - Borussia Dortmund80' 1-1 John Stones
52%
Bayern Munich - Manchester City83' 1-1 Joshua Kimmich
52%
RB Leipzig - Manchester City70' 1-1 Josko Gvardiol
52%
Manchester City - RB Leipzig49' 4-0 İlkay Gündoğan
48%
Manchester City - Copenhagen76' 5-0 Julian Alvarez
48%
Manchester City - Sevilla73' 2-1 Julian Alvarez
44%
RB Leipzig - Manchester City27' 0-1 Riyad Mahrez
44%
Sevilla - Manchester City90+2 0-4 Ruben Dias
44%
Manchester City - Borussia Dortmund56' 0-1 Jude Bellingham
40%
Manchester City - Copenhagen55' 4-0 Riyad Mahrez
40%
Manchester City - Sevilla83' 3-1 Riyad Mahrez
28%
Manchester City - Sevilla31' 0-1 Rafael Mir
20%
Manchester City - Sevilla52 1-1 Rico Lewis
20%
Manchester City - Copenhagen39' 3-0 Davit Khocholava (OG)
16%
No matching quizzes found
Score Distribution
Percent of People with Each Score
Percentile by Number Answered
Your Score History
You have not taken this quiz